| 000 | 00581nam a22001817a 4500 | ||
|---|---|---|---|
| 999 |
_c174337 _d174337 |
||
| 005 | 20200701111829.0 | ||
| 010 | _aENG-128173 | ||
| 020 |
_c400.00 _a9789383554072 |
||
| 035 | _aEN-111705 | ||
| 037 | _bDBAD/PUB | ||
| 082 | _a920 | ||
| 100 | _aVarma,R.M | ||
| 245 |
_aFamous Personalities of World/ _cby R.M.Varma |
||
| 260 |
_aDelhi _bLaxmi Book House _c2018 |
||
| 270 |
_a528/2k/1-A,1st floor,Plot no.15 Gali No.5. Vishwas Nagar Shahdara _bDelhi _e110032 _k8368522059 _mlaxmibookhouse1234@gmail.com |
||
| 300 |
_a135p. _c23cm(hb) |
||
| 942 |
_2ddc _cEN _h920 _mVAR |
||